000 00454nam a2200181Ia 4500
001 12224
005 20260306162925.0
008 260306t2019||||xx |||||||||||||| ||spa||
041 _aESP
082 _aHR 342
_bV. 35 2019 AEDI
100 _aUniversidad de Navarra
_eAUT
245 0 _aAnuario español de derecho internacional
260 _c2019
300 _a762 páginas :
_c25 cm.
650 _aGEN
654 _aCDE
942 _cREV
_dJUS
_fJUS
_2ddc
_n
999 _c12224
_d12224